00435pab a2200121 454500008004000000100002300040245016700063260000900230300001100239362000900250650002900259773002500288180718b1987 xxu||||| |||| 00| 0 eng d aKoelbel, Thomas A. aTrade unionists, party activists, and politiciansbThe struggle for power over party rules in the British Labour Party and the West German Social Democratic Party c1987 a253-66 aApr. aPolitical Parties - U.K. aComparative Politics